000 01325nam a2200325 i 4500
005 20220317002017.0
007 ta
008 201106s2020 ck a br 000 0bspa d
020 _a9789583059902
040 _aCO-BoRNBP
_bspa
_erda
_cCO-BoRNBP
041 1 _aspa
_hit
082 0 4 _a927.5
_bD18m
_222
100 1 _aMorosinotto, Davide
_d1980-
_eautor
245 1 0 _aLeonardo Da Vinci, genio de todos los tiempos
_cDavide Morosinotto ; traducción Gabriela García de la Torre ; ilustraciones Stefano Turconi
250 _aPrimera edición
264 1 _aBogotá
_bPanamericana
_c2020
300 _a70 páginas
_bilustraciones
_c22 cm
336 _2rdacontent
_atexto
_btxt
337 _2rdamedia
_asin mediación
_bn
338 _2rdacarrier
_avolumen
_bnc
490 0 _aColección Corcel
521 _aRecomendado para un público infantil mayor de 9 años
534 _tGrandissimi : Leonardo da Vinci, genio senza tempo
600 1 4 _aDa Vinci, Leonardo
_d1452-1519
_xLiteratura infantil
_vBiografías
_9157489
650 1 7 _2LEMB
_aPintores italianos
_xLiteratura infantil
_ySiglo XV
_vBiografías
650 1 7 _2LEMB
_aArtistas italianos
_xLiteratura infantil
_ySiglo XV
_vBiografías
700 1 _aGarcía de la Torre, Gabriela
_etraductora
_912629
700 1 _aTurconi, Stefano
_d1974-
_eilustrador
_9157490
942 _2ddc
_cBKINF
999 _c8881
_d8881